[Event "Western Pacific op"]
[Site "Los Angeles"]
[Date "2014.04.27"]
[Round "4"]
[White "Peters, Jack"]
[Black "Walsh, Peter"]
[Result "1-0"]
[WhiteElo "2360"]
[BlackElo "2080"]
[PlyCount "107"]
[EventDate "2014.04.25"]
[EventType "swiss"]
[EventRounds "5"]
[EventCountry "USA"]
[SourceTitle "CBM 160 Extra"]
[Source "ChessBase"]
[SourceDate "2014.07.01"]
[SourceVersion "1"]
[SourceVersionDate "2014.07.01"]
[SourceQuality "1"]

1. e4 c5 2. Nf3 d6 3. d4 cxd4 4. Nxd4 Nf6 5. Nc3 g6 6. Be3 Bg7 7. f3 Nc6 8. Qd2 0-0 9. Bc4 Bd7 10. 0-0-0 Rc8 11. Bb3 Nxd4 12. Bxd4 b5 13. Bxa7 b4 14. Ne2 Qa5 15. Bd4 Ba4 16. Bxa4 Qxa4 17. Kb1 Rc6 18. b3 Qa3 19. c4 bxc3 20. Nxc3 Rfc8 21. Rc1 Qb4 22. e5 Nd5 23. Ne4 Qxd2 24. Nxd2 dxe5 25. Rxc6 Rxc6 26. Bb2 Nf4 27. Rc1 Rxc1+ 28. Bxc1 Kf8 29. a4 Ke8 30. Nc4 Nxg2 31. b4 Kd7 32. a5 e4 33. fxe4 Bd4 34. Bb2 Bg1 35. b5 Ne3 36. Ne5+ Kc7 37. Nf3 Bf2 38. Bd4 Ng4 39. Kc2 Bxd4 40. Nxd4 Nf6 41. Kd3 Nd7 42. b6+ Kb7 43. Kc4 Ka6 44. Nb3 Nb8 45. Kc5 g5 46. Kb4 Nc6+ 47. Ka4 Nxa5 48. Nxa5 Kxb6 49. Kb4 h5 50. Nc4+ Kc7 51. Kc5 g4 52. Kd5 h4 53. Ne3 g3 54. h3 1-0